[Event "Masters B"]
[Site "Nancy FRA"]
[Date "2010.02.22"]
[Round "1"]
[White "Henris,L"]
[Black "Taddei,B"]
[Result "1/2-1/2"]
[WhiteElo "2302"]
[BlackElo "2295"]
[EventDate "2010.02.22"]

1. e4 e5 2. f4 d6 3. Nf3 f5 4. exf5 Bxf5 5. Nc3 Nc6 6. Bb5 e4 7. Nd4 Qd7 8.
Nxf5 Qxf5 9. d3 exd3 10. Bxd3 Qe6+ 11. Kf2 O-O-O 12. Re1 Qf7 13. Be4 d5 14.
Bxd5 Bc5+ 15. Kf1 Qg6 16. Be3 Bb4 17. Qf3 Nge7 18. Bxc6 Nxc6 19. Re2 Rhf8
20. Kg1 Qf5 21. Rf1 h5 22. Ref2 g6 23. Bd4 Rxd4 24. Rb1 1/2-1/2

[Event "Masters B"]
[Site "Nancy FRA"]
[Date "2010.02.22"]
[Round "1"]
[White "Stets,D"]
[Black "Brethes,F"]
[Result "1-0"]
[WhiteElo "2444"]
[BlackElo "2257"]
[EventDate "2010.02.22"]

1. e4 e6 2. d4 d5 3. Nc3 Nf6 4. e5 Nfd7 5. f4 c5 6. Nf3 Nc6 7. Be3 a6 8.
Qd2 b5 9. Be2 Be7 10. Nd1 Bb7 11. O-O O-O 12. c3 b4 13. Bf2 bxc3 14. bxc3
Qa5 15. Qe3 Rac8 16. f5 exf5 17. Bd3 g6 18. Rb1 Ba8 19. Qh6 Nd8 20. Ne3 Re8
21. Nxf5 Bf8 22. Qh3 Ne6 23. Nh6+ Bxh6 24. Qxh6 Qxc3 25. Rb3 Qa5 26. Bf5 c4
27. Bxe6 fxe6 28. Ng5 Re7 29. Rf3 Qd2 30. h4 c3 31. Be3 Qd3 32. Rf7 1-0

[Event "Masters B"]
[Site "Nancy FRA"]
[Date "2010.02.22"]
[Round "1"]
[White "Marzolo,C"]
[Black "Fomichenko,E"]
[Result "1/2-1/2"]
[WhiteElo "2480"]
[BlackElo "2515"]
[EventDate "2010.02.22"]

1. d4 d5 2. c4 c6 3. Nf3 Nf6 4. Nc3 dxc4 5. a4 Bf5 6. Ne5 Nbd7 7. Nxc4 Nb6
8. Ne5 a5 9. f3 Nfd7 10. e4 Nxe5 11. dxe5 Be6 12. Qc2 f6 13. Rb1 Qd4 14. b3
Qxe5 15. Ne2 Nd7 16. Be3 Bf7 17. f4 Qc7 18. g3 e5 19. f5 Bb4+ 20. Kf2 O-O
21. Nc1 b6 22. Nd3 Be7 23. Be2 Rfc8 24. g4 Qd8 25. h4 Rab8 26. Rhd1 Qf8 27.
g5 Nc5 28. Nxc5 Bxc5 29. Bxc5 Qxc5+ 30. Qxc5 bxc5 31. Rdc1 Rb4 32. Ke3 Bxb3
33. Rxc5 Bxa4 34. Rbc1 Ra8 35. h5 Kf7 36. h6 gxh6 37. gxf6 Rb3+ 38. Kf2 Rb2
39. Ke3 Kxf6 40. Rh1 Rb3+ 41. Kf2 Rb2 42. Ke3 Rab8 43. Bc4 Rc2 44. Rxh6+
Kg7 45. Rd6 Bb5 46. Rxe5 Bxc4 47. Re7+ Kg8 48. Rxc6 a4 49. Ra7 Bb3 50. Rh6
Rbc8 51. Rhxh7 a3 52. Rag7+ Kf8 53. f6 R8c3+ 54. Kd4 Rc4+ 55. Ke3 R4c3+ 56.
Kd4 Rc4+ 57. Ke5 Rf2 58. Kd6 Rc5 1/2-1/2

[Event "Masters B"]
[Site "Nancy FRA"]
[Date "2010.02.22"]
[Round "1"]
[White "Iglesias,Joa"]
[Black "Genzling,A"]
[Result "0-1"]
[WhiteElo "2284"]
[BlackElo "2398"]
[EventDate "2010.02.22"]

1. d4 Nf6 2. c4 e6 3. Nc3 Bb4 4. a3 Bxc3+ 5. bxc3 b6 6. f3 Ba6 7. e4 Nc6 8.
Nh3 Na5 9. Qa4 Qc8 10. e5 Ng8 11. Ng5 Qb7 12. d5 exd5 13. Nxf7 Kxf7 14.
Qxd7+ Ne7 15. Bg5 Rhe8 16. cxd5 Bxf1 17. Qe6+ Kf8 18. Rd1 Nxd5 0-1

[Event "Masters B"]
[Site "Nancy FRA"]
[Date "2010.02.23"]
[Round "2"]
[White "Taddei,B"]
[Black "Genzling,A"]
[Result "1/2-1/2"]
[WhiteElo "2295"]
[BlackElo "2398"]
[EventDate "2010.02.22"]

1. e4 c5 2. Nf3 Nc6 3. d4 cxd4 4. Nxd4 e5 5. Ne2 Nf6 6. Nbc3 Bc5 7. Ng3 d6
8. Be2 Nd4 9. O-O h6 10. Na4 a6 11. Nxc5 dxc5 12. c3 Nxe2+ 13. Qxe2 Qe7 14.
Be3 Be6 15. f4 exf4 16. Rxf4 Nd7 17. Rd1 O-O 18. Qf2 b6 19. Nf5 Bxf5 20.
Rxf5 Nf6 21. e5 1/2-1/2

[Event "Masters B"]
[Site "Nancy FRA"]
[Date "2010.02.23"]
[Round "2"]
[White "Bedouin,X"]
[Black "Marzolo,C"]
[Result "1-0"]
[WhiteElo "2381"]
[BlackElo "2480"]
[EventDate "2010.02.22"]

1. e4 e5 2. Nf3 d6 3. d4 exd4 4. Nxd4 Nf6 5. Nc3 Be7 6. g3 d5 7. e5 Ng4 8.
Bg2 O-O 9. Nxd5 Bc5 10. c3 Nxe5 11. O-O c6 12. Ne3 Nbd7 13. h3 Nf6 14. g4
Re8 15. Nef5 Be6 16. Bg5 Bd5 17. Bxd5 cxd5 18. Qb3 Bb6 19. Rad1 Ned7 20.
Rfe1 Re4 21. f3 Rxe1+ 22. Rxe1 Nc5 23. Bxf6 Qxf6 24. Qxd5 Nd3 25. Qxb7 Rd8
26. Re2 Qg5 27. Qe7 Qc1+ 28. Kh2 h5 29. gxh5 Qf4+ 30. Kg2 Bc7 31. Kf1 Qc1+
32. Kg2 Nf4+ 33. Kf2 Nxh3+ 34. Kg2 Nf4+ 35. Kf2 Nd3+ 36. Kg2 Qf4 37. Kf1
Qc1+ 38. Kg2 Nf4+ 39. Kf2 Nxe2 40. Qxc7 Rxd4 1-0

[Event "Masters B"]
[Site "Nancy FRA"]
[Date "2010.02.23"]
[Round "2"]
[White "Brethes,F"]
[Black "Wiley,To"]
[Result "1-0"]
[WhiteElo "2257"]
[BlackElo "2302"]
[EventDate "2010.02.22"]

1. d4 f5 2. Nf3 Nf6 3. c4 e6 4. Nc3 Bb4 5. e3 b6 6. Bd2 Bxc3 7. Bxc3 Ne4 8.
Rc1 O-O 9. Be2 Bb7 10. O-O Nxc3 11. Rxc3 Qe7 12. c5 Bd5 13. a3 Nc6 14. cxb6
axb6 15. Bc4 Bxc4 16. Rxc4 Qd6 17. Qc2 Ra7 18. Rc1 Rc8 19. e4 fxe4 20. Qxe4
h6 21. Ne5 Ne7 22. R4c3 c6 23. Nc4 Qc7 24. Rf3 Raa8 25. Ne5 Rf8 26. Rcc3
Rxf3 27. Rxf3 Rf8 28. Rxf8+ Kxf8 29. Qf4+ Nf5 30. Ng6+ 1-0

[Event "Masters B"]
[Site "Nancy FRA"]
[Date "2010.02.23"]
[Round "3"]
[White "Iglesias,Joa"]
[Black "Bedouin,X"]
[Result "1-0"]
[WhiteElo "2284"]
[BlackElo "2381"]
[EventDate "2010.02.22"]

1. d4 Nf6 2. c4 g6 3. Nc3 d5 4. cxd5 Nxd5 5. Bd2 Bg7 6. e4 Nb6 7. Be3 O-O
8. Bb5 Be6 9. Nf3 Bg4 10. Rc1 e5 11. dxe5 c6 12. Be2 N8d7 13. b3 Bxf3 14.
Bxf3 Nxe5 15. Be2 Qh4 16. O-O Rfd8 17. Qc2 Ng4 18. Bxg4 Qxg4 19. f3 Qe6 20.
Rfd1 f5 21. Rxd8+ Rxd8 22. Bg5 Re8 23. exf5 gxf5 24. Bd2 Bd4+ 25. Kf1 Bxc3
26. Bxc3 Nd5 27. Bd4 b6 28. Qxc6 Qe2+ 29. Kg1 Nf4 30. Bf2 Qe6 31. Qxe6+
Nxe6 32. Kf1 Kf7 33. Rc4 h5 34. Be3 Re7 35. Kf2 Rd7 36. Ke2 b5 37. Rc6 f4
38. Bf2 Nc7 39. Bxa7 Nd5 40. Bb6 Nb4 41. Rc7 Rxc7 42. Bxc7 Nd5 43. Bb8 Ke6
44. Kd2 Kf5 45. a4 bxa4 46. bxa4 Nb6 47. Ba7 Nxa4 48. Kc2 1-0

[Event "Masters B"]
[Site "Nancy FRA"]
[Date "2010.02.23"]
[Round "3"]
[White "Marzolo,C"]
[Black "Brethes,F"]
[Result "0-1"]
[WhiteElo "2480"]
[BlackElo "2257"]
[EventDate "2010.02.22"]

1. d4 d5 2. Nf3 e6 3. c4 dxc4 4. Nc3 a6 5. e3 c5 6. Bxc4 Nf6 7. O-O b5 8.
Bb3 Bb7 9. Qe2 Nc6 10. Rd1 Qb6 11. a4 Na5 12. Bc2 b4 13. Nb1 c4 14. Nbd2 b3
15. Bb1 c3 16. bxc3 b2 17. Bxb2 Qxb2 18. Bd3 Ba3 19. c4 Bxf3 20. gxf3 O-O
21. Rdb1 Qc3 22. c5 Bb4 23. Ra2 e5 24. dxe5 Nd5 25. f4 Qxc5 26. Ne4 Qc6 27.
Rc2 Qh6 28. Kh1 Nc6 29. Qf3 Rac8 30. Ng3 Nc3 31. Nf5 Qe6 32. Nd4 Nxd4 0-1

[Event "Masters B"]
[Site "Nancy FRA"]
[Date "2010.02.24"]
[Round "4"]
[White "Stets,D"]
[Black "Wiley,To"]
[Result "1-0"]
[WhiteElo "2444"]
[BlackElo "2302"]
[EventDate "2010.02.22"]

1. e4 e6 2. d4 d5 3. Nc3 Bb4 4. e5 Qd7 5. a3 Bxc3+ 6. bxc3 b6 7. Qg4 f5 8.
Qg3 Ba6 9. Bxa6 Nxa6 10. Ne2 Nb8 11. Nf4 Kf7 12. h4 Ne7 13. a4 Nbc6 14. Ba3
Na5 15. h5 Nec6 16. Bc1 Ne7 17. Ba3 Nec6 18. Nh3 Nc4 19. Bc1 Ne7 20. Qh4 h6
21. Nf4 Rhg8 22. Rh3 Raf8 23. Rg3 Ke8 24. Kf1 Rf7 25. Kg1 Qc6 26. Ng6 Nxg6
27. Rxg6 Rgf8 28. Qg3 Qd7 29. Bf4 Qe7 30. Qf3 Kd7 31. g3 Kc8 32. Qd1 c6 33.
Qb1 Kd7 34. Qb4 a5 35. Qb3 Kc7 36. Kf1 Rb8 37. Ke2 Rbf8 38. Bc1 Rb8 39. Ba3
Nxa3 40. Qxa3 Qxa3 41. Rxa3 Re7 42. Kd3 c5 43. c4 dxc4+ 44. Kxc4 cxd4 45.
Rd3 Kb7 46. Rxd4 Rc8+ 47. Kb3 Rc5 48. f4 Rec7 49. c4 R5c6 50. Kc3 Ka6 51.
Kd3 Ka7 52. g4 fxg4 53. Rxg4 Ka6 54. Rg6 Kb7 55. Ke4 Rf7 56. Kf3 Kc7 57.
Ke4 Kb7 58. f5 Rxf5 59. Rxe6 Rxh5 60. Rd7+ Rc7 61. Rxc7+ Kxc7 62. Kd5 g5
63. Re7+ Kd8 64. Rh7 Rh1 65. Kd6 Ke8 66. Rh8+ Kf7 67. e6+ Kg7 68. e7 Rd1+
69. Kc6 1-0

[Event "Masters B"]
[Site "Nancy FRA"]
[Date "2010.02.24"]
[Round "4"]
[White "Henris,L"]
[Black "Marzolo,C"]
[Result "0-1"]
[WhiteElo "2302"]
[BlackElo "2480"]
[EventDate "2010.02.22"]

1. e4 e6 2. d4 d5 3. e5 c5 4. c3 Nc6 5. Nf3 Qb6 6. a3 c4 7. Nbd2 Na5 8. h4
Bd7 9. g3 h6 10. Bh3 O-O-O 11. O-O Ne7 12. Re1 Kb8 13. Rb1 Nc8 14. Qc2 Be7
15. Nf1 Ka8 16. Be3 Qc7 17. h5 Rdg8 18. N1h2 Qd8 19. Nd2 Qe8 20. Bg4 f5 21.
exf6 gxf6 22. Bd1 Bd6 23. Qc1 Ne7 24. Ndf1 Nb3 25. Bxb3 cxb3 26. Bf4 Nf5
27. Bxd6 Nxd6 28. Qd1 Ne4 29. Qxb3 Qxh5 30. Qd1 Qh3 31. Re3 h5 32. Qf3 e5
33. Qg2 Qf5 34. Rbe1 exd4 35. cxd4 Qg6 36. Rxe4 dxe4 37. Qxe4 f5 38. Qf4 h4
39. Nf3 hxg3 40. fxg3 Bc6 41. Re5 Be4 42. Ng5 Qh6 43. Re6 Qh1+ 44. Kf2 Qg2+
45. Ke1 Rc8 0-1

[Event "Masters B"]
[Site "Nancy FRA"]
[Date "2010.02.24"]
[Round "4"]
[White "Bedouin,X"]
[Black "Genzling,A"]
[Result "1-0"]
[WhiteElo "2381"]
[BlackElo "2398"]
[EventDate "2010.02.22"]

1. e4 d5 2. exd5 Nf6 3. d4 Bg4 4. Bb5+ Nbd7 5. f3 Bf5 6. g4 Bg6 7. Nc3 a6
8. Ba4 b5 9. Bb3 Nb6 10. a4 h5 11. g5 Nfxd5 12. Nxd5 Nxd5 13. Qe2 Rb8 14.
axb5 axb5 15. f4 Qd6 16. Qf2 e6 17. Nf3 c5 18. dxc5 Qxc5 19. Nd4 Be7 20. f5
exf5 21. Nxf5 Qxf2+ 22. Kxf2 Bxf5 23. Bxd5 O-O 24. Be3 Rfd8 25. Bb3 Rbc8
26. c3 Bc5 27. Bxc5 Rxc5 28. Rhd1 Re8 29. Rd5 Rxd5 30. Bxd5 Re7 31. Re1 Kf8
32. Rxe7 Kxe7 33. Ke3 Bd7 34. Bf3 g6 35. h4 f6 36. Kf4 f5 37. Ke5 Be8 38.
Bd5 Bd7 39. Bf3 Be6 40. Be2 Bd7 41. b3 Bc6 42. b4 Bd7 43. c4 bxc4 44. Bxc4
Bc6 45. b5 Bb7 46. b6 Bg2 47. Ba6 Kd7 48. Kf6 Kc6 49. b7 Kc7 50. Kxg6 f4
51. Kxh5 Bf3+ 52. Kh6 Bxb7 53. Bf1 Kd6 54. h5 Bf3 55. Kg7 Ke7 1-0

[Event "Masters B"]
[Site "Nancy FRA"]
[Date "2010.02.25"]
[Round "5"]
[White "Iglesias,Joa"]
[Black "Henris,L"]
[Result "0-1"]
[WhiteElo "2284"]
[BlackElo "2302"]
[EventDate "2010.02.22"]

1. d4 f5 2. Nf3 Nf6 3. Bg5 e6 4. Nbd2 Be7 5. Bxf6 Bxf6 6. e4 fxe4 7. Nxe4
Nc6 8. c3 b6 9. Qc2 Bb7 10. Bd3 Qe7 11. O-O-O O-O-O 12. Rhe1 g5 13. Qe2 g4
14. Nfd2 h5 15. Ba6 Bg5 16. Qb5 Bxa6 17. Qxa6+ Kb8 18. Qb5 Bxd2+ 19. Rxd2
Qf7 20. Ng5 Qe7 21. Ne4 h4 22. Nc5 Qd6 23. g3 hxg3 24. hxg3 Qd5 25. c4 Qf3
26. d5 exd5 27. cxd5 Na5 28. Nxd7+ Kb7 29. Nc5+ Kb8 30. Na6+ Kb7 31. Rc2
Rh1 32. Rxc7+ Ka8 33. Rce7 Rc8+ 34. Kb1 Qf5+ 0-1

[Event "Masters B"]
[Site "Nancy FRA"]
[Date "2010.02.25"]
[Round "5"]
[White "Genzling,A"]
[Black "Brethes,F"]
[Result "1-0"]
[WhiteElo "2398"]
[BlackElo "2257"]
[EventDate "2010.02.22"]

1. e4 e6 2. d4 d5 3. Nc3 Nf6 4. Bg5 dxe4 5. Nxe4 Be7 6. Bxf6 Bxf6 7. Nf3
Nd7 8. Bc4 a6 9. Qe2 b5 10. Bd5 Ra7 11. Bc6 O-O 12. Bxd7 Bxd7 13. Nxf6+
Qxf6 14. Ne5 Rd8 15. O-O b4 16. Qe3 Raa8 17. a3 Bb5 18. Rfd1 bxa3 19. Qxa3
Rd6 20. Qe3 Rad8 21. b4 h5 22. f4 Qf5 23. c3 f6 24. Nf3 Qg4 25. Rd2 h4 26.
h3 Qg3 27. Rf2 Re8 28. Re1 Rd5 29. Qc1 Rf5 30. Nh2 e5 31. Rf3 Qg6 32. c4
Bc6 33. d5 Bd7 34. Rf2 Qg3 35. Rf3 Qg6 36. Rf2 exf4 37. Nf3 Qg3 38. Rxe8+
Bxe8 39. Qe1 Bf7 40. Qe7 g5 41. Qxc7 1-0

[Event "Masters B"]
[Site "Nancy FRA"]
[Date "2010.02.25"]
[Round "5"]
[White "Fomichenko,E"]
[Black "Bedouin,X"]
[Result "1/2-1/2"]
[WhiteElo "2515"]
[BlackElo "2381"]
[EventDate "2010.02.22"]

1. c4 c5 2. Nf3 g6 3. d4 cxd4 4. Nxd4 Nc6 5. e4 Nf6 6. Nc3 d6 7. Be2 Nxd4
8. Qxd4 Bg7 9. Bg5 O-O 10. Qd2 a5 11. O-O a4 12. Rab1 Be6 13. Rfc1 Qa5 14.
b4 axb3 15. axb3 Qb4 16. Rc2 Rfc8 17. Bxf6 Bxf6 18. Nd5 Qxd2 19. Nxf6+ Kg7
20. Nh5+ gxh5 21. Rxd2 h4 22. f4 Bd7 23. e5 Bf5 24. Rf1 dxe5 25. fxe5 Be6
26. Bf3 Rc5 27. Bd5 Bxd5 28. cxd5 Rd8 29. Rdf2 Rf8 30. Rd2 Rd8 31. Rfd1 Rc3
32. Rd3 Rxd3 33. Rxd3 Kg6 34. Rd4 Kf5 35. d6 e6 36. Rb4 Rd7 37. Rb5 f6 38.
exf6+ Kxf6 39. Kf2 e5 40. Kf3 Kf5 41. Rb4 h3 42. g4+ Ke6 43. Ke4 Rxd6 44.
Rxb7 Rd4+ 45. Kf3 Rd3+ 46. Kf2 Kf6 47. b4 Kg5 48. Rxh7 Kxg4 49. Rg7+ Kf4
50. Rf7+ Ke4 51. Rh7 Rf3+ 52. Ke2 Rb3 53. Rh4+ Kd5 54. Kf2 e4 55. Rh8 Rb2+
56. Ke3 Rxh2 57. Rh5+ Kc4 58. Kxe4 Kxb4 1/2-1/2

[Event "Masters B"]
[Site "Nancy FRA"]
[Date "2010.02.25"]
[Round "6"]
[White "Taddei,B"]
[Black "Bedouin,X"]
[Result "1/2-1/2"]
[WhiteElo "2295"]
[BlackElo "2381"]
[EventDate "2010.02.22"]

1. e4 c5 2. Nf3 e6 3. d4 cxd4 4. Nxd4 Nf6 5. Nc3 Nc6 6. a3 d5 7. Bb5 Bd7 8.
exd5 exd5 9. O-O Be7 10. Be3 O-O 11. h3 Rc8 12. Bd3 g6 13. Nf3 Re8 14. Be2
Bf5 15. Nd4 Nxd4 16. Bxd4 Bc5 17. Bb5 Re6 18. Bxc5 Rxc5 19. Qd4 Qc7 20.
Rfe1 Ne4 21. Nxd5 Qd6 22. c4 Re5 23. Rad1 Rexd5 24. cxd5 Rxb5 25. Rxe4 Bxe4
26. Qxe4 Rxb2 27. Qd4 Rb6 28. g3 h5 29. Re1 Qd7 30. Kg2 Kh7 31. Re3 Rd6 32.
Rd3 b6 33. Qe5 Qd8 34. Rd4 Qd7 35. Rd2 b5 36. Rd4 a5 37. g4 hxg4 38. hxg4
f6 39. Qe4 Kg7 40. Rd3 b4 41. axb4 axb4 42. g5 Qb7 43. Qf4 Qe7 44. Qxb4 Qe5
45. Qb7+ Kg8 46. Qc8+ Kg7 47. Qc7+ Kg8 48. Qb8+ Kg7 49. gxf6+ Qxf6 50. Qc7+
Kg8 51. Qb8+ Kg7 52. Rf3 Qg5+ 53. Kh2 Qh4+ 54. Kg2 Qg4+ 55. Kf1 Qc4+ 56.
Kg1 Qg4+ 57. Kf1 1/2-1/2

[Event "Masters B"]
[Site "Nancy FRA"]
[Date "2010.02.25"]
[Round "6"]
[White "Brethes,F"]
[Black "Fomichenko,E"]
[Result "1/2-1/2"]
[WhiteElo "2257"]
[BlackElo "2515"]
[EventDate "2010.02.22"]

1. d4 d5 2. Nf3 c6 3. c4 Nf6 4. e3 a6 5. a4 e6 6. Nc3 c5 7. Bd3 Nc6 8. O-O
cxd4 9. exd4 Nb4 10. Bg5 Be7 11. c5 b6 12. cxb6 Nxd3 13. Qxd3 a5 14. Nb5
Qxb6 15. Rfc1 Ba6 16. Ne5 O-O 17. Bxf6 Bxb5 18. axb5 Bxf6 19. Nd7 Qxd4 20.
Qxd4 Bxd4 21. Nxf8 Kxf8 22. Rc6 Ke7 23. Ra2 a4 24. Kf1 Ra5 25. b6 Rb5 26.
Rxa4 Bxb6 27. Rc2 e5 28. Ra8 e4 29. Rb8 Kd6 30. Rb7 f5 31. Rd2 g6 32. g3 g5
33. Rxh7 g4 34. h4 gxh3 35. Rxh3 Rb3 36. Rh5 Ba5 37. Rxd5+ Kxd5 38. Rxf5+
Kd4 39. Rxa5 Rxb2 40. Ra3 Rd2 41. Re3 Rd1+ 42. Re1 Rd3 43. Re2 Rd1+ 44. Kg2
Rd3 45. Kh3 Rf3 46. Kh4 Rf8 47. g4 Ke5 48. Kh5 Kf4 49. g5 Rh8+ 50. Kg6 Rg8+
51. Kf6 Rxg5 52. Rxe4+ 1/2-1/2

[Event "Masters B"]
[Site "Nancy FRA"]
[Date "2010.02.25"]
[Round "6"]
[White "Henris,L"]
[Black "Genzling,A"]
[Result "1/2-1/2"]
[WhiteElo "2302"]
[BlackElo "2398"]
[EventDate "2010.02.22"]

1. e4 c5 2. Nf3 Nc6 3. c3 Nf6 4. e5 Nd5 5. d4 cxd4 6. Bc4 Nb6 7. Bb3 d5 8.
exd6 Qxd6 9. O-O Be6 10. Na3 Bxb3 11. Qxb3 e6 12. Rd1 Qd5 13. Nb5 Rc8 14.
Nfxd4 Qxb3 15. axb3 a6 16. Nxc6 Rxc6 17. Nd4 Rd6 18. Bf4 Rd5 19. Be3 Nc8
20. b4 Bd6 21. c4 Rh5 22. Nf3 Bxb4 23. Ra4 Bc5 24. g4 Rh3 25. Kg2 Bxe3 26.
Kxh3 Bxf2 27. Kg2 Be3 28. Ra3 Bc5 29. Rad3 O-O 30. Rd8 Nb6 31. b3 Be7 32.
R8d3 g6 33. Ne5 Bc5 34. Nd7 Nxd7 35. Rxd7 b6 36. Kf3 h6 37. Ke4 Kg7 38. Rd8
Rxd8 39. Rxd8 Kf6 40. Rd7 a5 41. h3 1/2-1/2

[Event "Masters B"]
[Site "Nancy FRA"]
[Date "2010.02.25"]
[Round "6"]
[White "Stets,D"]
[Black "Iglesias,Joa"]
[Result "1-0"]
[WhiteElo "2444"]
[BlackElo "2284"]
[EventDate "2010.02.22"]

1. e4 c5 2. Nf3 d6 3. d4 cxd4 4. Nxd4 Nf6 5. Nc3 g6 6. Be3 Bg7 7. f3 O-O 8.
Bc4 Nc6 9. Bb3 Na5 10. Qd2 Nd7 11. O-O-O Nb6 12. Qd3 Nxb3+ 13. axb3 a5 14.
Ndb5 Be6 15. Bd4 Bh6+ 16. Kb1 a4 17. Bxb6 Qxb6 18. bxa4 Rfc8 19. b3 Bg7 20.
Nd5 Bxd5 21. exd5 Qc5 22. c3 Ra5 23. Rc1 Qf2 24. Rc2 Qh4 25. g3 Qf6 26. Re1
h5 27. Re4 Qf5 28. Re3 Qf6 29. Qe4 Kf8 30. Rce2 Rxb5 31. axb5 Rxc3 32.
Qxe7+ Qxe7 33. Rxe7 Rxb3+ 34. Ka2 Rb2+ 35. Ka3 Rxe2 36. Rxe2 Bd4 37. Kb4 b6
38. Kc4 Bc5 39. Kd3 Kg7 40. Re7 Kf8 41. Rb7 f5 42. Ke2 Bd4 43. Kf1 Kg8 44.
Kg2 Kf8 45. g4 Bc5 46. Rc7 1-0

[Event "Masters B"]
[Site "Nancy FRA"]
[Date "2010.02.26"]
[Round "7"]
[White "Iglesias,Joa"]
[Black "Wiley,To"]
[Result "1-0"]
[WhiteElo "2284"]
[BlackElo "2302"]
[EventDate "2010.02.22"]

1. d4 Nf6 2. c4 e6 3. Nc3 Bb4 4. a3 Bxc3+ 5. bxc3 c5 6. e3 Nc6 7. Bd3 b6 8.
Ne2 O-O 9. O-O Ba6 10. e4 Ne8 11. f4 f5 12. e5 Na5 13. d5 d6 14. dxe6 Qe7
15. g4 g6 16. gxf5 gxf5 17. Ng3 Ng7 18. Ra2 Kh8 19. Nh5 Nxh5 20. Qxh5 Qxe6
21. Rg2 Bxc4 22. Rf3 Bxd3 23. Rxd3 Nc4 24. Rh3 Rf7 25. Rhg3 Raf8 26. Rg6
Qe7 27. Qh6 dxe5 28. fxe5 Nxe5 29. Re6 Nf3+ 30. Kf2 Qb7 31. Rg3 Nxh2 32.
Qxh2 f4 33. Rd3 Qa6 34. c4 1-0

[Event "Masters B"]
[Site "Nancy FRA"]
[Date "2010.02.26"]
[Round "7"]
[White "Genzling,A"]
[Black "Stets,D"]
[Result "1/2-1/2"]
[WhiteElo "2398"]
[BlackElo "2444"]
[EventDate "2010.02.22"]

1. e4 c5 2. Nf3 d6 3. Bb5+ Nd7 4. d4 Ngf6 5. Nc3 a6 6. Bxd7+ Nxd7 7. O-O e6
8. Bg5 Qc7 9. d5 e5 10. a4 g6 11. Nd2 Bg7 12. Nc4 Nb6 13. Nxb6 Qxb6 14. a5
Qc7 15. Qd2 O-O 16. Na4 f5 17. Nb6 Rb8 18. f3 f4 19. b4 Bf6 20. Bxf6 Rxf6
21. Qc3 Bd7 22. bxc5 Bb5 23. Rfb1 g5 24. Ra3 dxc5 25. Nc4 Bxc4 26. Qxc4 Kg7
27. Rc3 Qxa5 28. Qxc5 Qxc5+ 29. Rxc5 Rf7 30. Rb6 Kf8 31. d6 Re8 32. c4 Rd7
33. Ra5 Kf7 34. Kf1 Ke6 35. c5 h5 36. h3 Rg8 37. Ra3 Rc8 38. Rc3 Rg8 39.
Rcb3 Rc8 40. Rc3 Rg8 41. Ke2 Rgg7 42. Kd3 Rh7 43. Kc4 Rhg7 44. Rd3 Rg8 45.
Rdb3 Rgg7 46. Rb1 Rh7 47. R1b4 Rhg7 48. c6 bxc6 49. Rxc6 g4 50. hxg4 hxg4
51. Rb8 Rxd6 52. Rxd6+ Kxd6 53. Rb6+ Kc7 54. Rxa6 1/2-1/2

[Event "Masters B"]
[Site "Nancy FRA"]
[Date "2010.02.26"]
[Round "7"]
[White "Fomichenko,E"]
[Black "Henris,L"]
[Result "1-0"]
[WhiteElo "2515"]
[BlackElo "2302"]
[EventDate "2010.02.22"]

1. c4 f5 2. Nf3 Nf6 3. g3 d6 4. d4 e6 5. Bg2 Be7 6. O-O O-O 7. b3 Ne4 8.
Qc2 Bf6 9. Bb2 Nc6 10. Rd1 Qe7 11. e3 e5 12. Na3 Bd7 13. c5 exd4 14. cxd6
Nxd6 15. Nxd4 Ne4 16. Nc4 Nxd4 17. Bxd4 c5 18. Bxf6 Qxf6 19. Rac1 Rad8 20.
f4 Bc6 21. Ne5 b6 22. Qc4+ 1-0

[Event "Masters B"]
[Site "Nancy FRA"]
[Date "2010.02.27"]
[Round "8"]
[White "Stets,D"]
[Black "Fomichenko,E"]
[Result "1/2-1/2"]
[WhiteElo "2444"]
[BlackElo "2515"]
[EventDate "2010.02.22"]

1. e4 e5 2. Nf3 Nc6 3. Bb5 a6 4. Bxc6 dxc6 5. O-O f6 6. d4 exd4 7. Nxd4 c5
8. Nb3 Qxd1 9. Rxd1 Bd7 10. Nc3 O-O-O 11. Be3 b6 12. a4 a5 13. Nb5 Bxb5 14.
Rxd8+ Kxd8 15. axb5 Bd6 16. Nd2 Ne7 17. Nc4 Nc8 18. Rd1 Re8 19. f3 Re7 20.
Bf4 Rd7 21. Bxd6 Nxd6 22. Nxd6 cxd6 23. Kf2 1/2-1/2

[Event "Masters B"]
[Site "Nancy FRA"]
[Date "2010.02.27"]
[Round "8"]
[White "Henris,L"]
[Black "Bedouin,X"]
[Result "0-1"]
[WhiteElo "2302"]
[BlackElo "2381"]
[EventDate "2010.02.22"]

1. e4 e5 2. f4 exf4 3. Nf3 g5 4. h4 g4 5. Ne5 d6 6. Nxg4 Nf6 7. Nf2 Rg8 8.
d4 Bh6 9. Nc3 Nc6 10. Nd3 Bg4 11. Be2 Nxd4 12. Bxg4 Nxg4 13. Nxf4 Qf6 14.
g3 O-O-O 15. Rf1 Nh2 16. Be3 Rxg3 17. Bxd4 Qxh4 18. Qh5 Re3+ 19. Kd2 Qxh5
20. Nxh5 Rh3+ 21. Nf4 Nf3+ 22. Ke3 Bxf4+ 23. Kxf4 Nxd4 24. Kg4 Rh2 25. Kg3
Rxc2 26. Rxf7 Rg8+ 27. Kh3 Ne6 28. Rf5 Ng5+ 29. Kh4 Nxe4 0-1

[Event "Masters B"]
[Site "Nancy FRA"]
[Date "2010.02.27"]
[Round "8"]
[White "Taddei,B"]
[Black "Brethes,F"]
[Result "1/2-1/2"]
[WhiteElo "2295"]
[BlackElo "2257"]
[EventDate "2010.02.22"]

1. e4 e6 2. d4 d5 3. Nc3 Nf6 4. e5 Nfd7 5. f4 c5 6. Nf3 Nc6 7. Be3 a6 8.
Qd2 b5 9. a3 Qa5 10. dxc5 Bxc5 11. Bxc5 Nxc5 12. Nd4 Qb6 13. Nxc6 Qxc6 14.
b4 Nd7 15. Ne2 f6 16. Nd4 Qb6 17. exf6 Nxf6 18. Be2 Ne4 19. Qe3 O-O 20. O-O
Bb7 21. Bd3 Rac8 22. Rae1 Rc3 23. Nb3 Qxe3+ 24. Rxe3 Bc8 25. g3 g5 26. Rff3
Rc7 27. Bxe4 dxe4 28. Rf2 e5 29. Nc5 exf4 30. gxf4 gxf4 31. Rxe4 f3 32. Re3
Rcf7 33. Kf1 Rf6 34. Ke1 Bh3 35. Kd2 Bg2 36. Nd7 Rd6+ 37. Rd3 Rxd3+ 38.
cxd3 Rf5 39. d4 Kf7 40. Ke3 Ke6 41. Nc5+ Kd5 42. Ne4 Rf7 43. Rc2 Re7 44.
Rc5+ Ke6 45. Re5+ Kd7 46. Rxe7+ Kxe7 47. Ng5 Kd6 48. Nxf3 Kd5 49. Ne5 Bh3
50. Nd3 Bf5 51. Nc5 Bc8 52. h4 h6 53. Kd3 Bf5+ 54. Kc3 Bc8 55. Kd3 Bf5+ 56.
Ke3 Bc8 57. Ne4 Bb7 58. Kd3 Bc8 59. Nc3+ Ke6 60. Ke4 Bb7+ 61. d5+ Kf6 62.
Ne2 Kg6 63. Ng3 Kf6 64. Kd4 Bc8 65. Kc5 Ke5 66. Kc6 Kf4 67. Nh5+ Kg4 68.
Kc7 1/2-1/2

[Event "Masters B"]
[Site "Nancy FRA"]
[Date "2010.02.27"]
[Round "8"]
[White "Marzolo,C"]
[Black "Iglesias,Joa"]
[Result "1-0"]
[WhiteElo "2480"]
[BlackElo "2284"]
[EventDate "2010.02.22"]

1. d4 Nf6 2. c4 c5 3. d5 e6 4. Nc3 exd5 5. cxd5 d6 6. e4 g6 7. f3 Bg7 8.
Bg5 h6 9. Be3 O-O 10. Qd2 Kh7 11. Nge2 a6 12. a4 Ng8 13. Nc1 f5 14. exf5
Bxf5 15. Be2 Re8 16. Bf2 Nd7 17. O-O Ne5 18. Nd1 g5 19. Ne3 Bg6 20. Ra3 Rc8
21. Nd3 Ne7 22. g4 Nxd3 23. Bxd3 Rf8 24. Bg3 Bd4 25. Kg2 Rc7 26. Re1 Rd7
27. a5 Kg7 28. Bxg6 Nxg6 29. Nf5+ Rxf5 30. gxf5 Ne5 31. Ra4 Qf6 32. Rxd4
cxd4 33. Qxd4 Qxf5 34. Bxe5+ dxe5 35. Rxe5 Qf6 36. b4 Rf7 37. Qe4 Qf4 38.
Re6 Qf5 39. d6 g4 40. Qxg4+ Qxg4+ 41. fxg4 Rf4 42. Re7+ Kf6 43. Rxb7 Rxg4+
44. Kf3 Rh4 45. b5 axb5 46. a6 1-0

[Event "Masters B"]
[Site "Nancy FRA"]
[Date "2010.02.28"]
[Round "9"]
[White "Bedouin,X"]
[Black "Stets,D"]
[Result "1-0"]
[WhiteElo "2381"]
[BlackElo "2444"]
[EventDate "2010.02.22"]

1. e4 c5 2. c3 g6 3. d4 cxd4 4. cxd4 d5 5. e5 Nc6 6. Nc3 h5 7. Be3 Nh6 8.
Qb3 Nf5 9. Qxd5 Qb6 10. Bb5 Nxe3 11. fxe3 Bh6 12. Qf3 O-O 13. Nge2 Nb4 14.
O-O Nc2 15. Nf4 Bg4 16. Qg3 Nxa1 17. h3 Bxf4 18. Qxf4 Be6 19. Qh6 Rfc8 20.
Ne4 Bd5 21. Ng5 f5 22. Qh7+ Kf8 23. Qh8+ 1-0

[Event "Masters B"]
[Site "Nancy FRA"]
[Date "2010.02.28"]
[Round "9"]
[White "Genzling,A"]
[Black "Marzolo,C"]
[Result "1/2-1/2"]
[WhiteElo "2398"]
[BlackElo "2480"]
[EventDate "2010.02.22"]

1. e4 e6 2. d4 d5 3. Nc3 Bb4 4. e5 c5 5. Bd2 Ne7 6. Nb5 Bxd2+ 7. Qxd2 O-O
8. f4 Qb6 9. dxc5 Qxc5 10. Nf3 Bd7 11. Nbd4 Nbc6 12. O-O-O Nxd4 13. Nxd4
Nc6 14. h4 Rfc8 15. Nb3 Qb6 16. Kb1 Ne7 17. Nd4 Nc6 18. Rh3 Nxd4 19. Qxd4
Qxd4 20. Rxd4 Rc7 21. Bd3 h5 22. Be2 g6 23. Ra3 Kf8 24. Kc1 Ke7 25. Kd2
Rac8 26. c3 a6 27. Rb4 Bc6 28. g3 f6 29. exf6+ Kxf6 30. Ra5 Rd8 31. Ke3 e5
32. fxe5+ Kxe5 33. Rf4 Rg7 34. Bd3 Ke6 35. c4 g5 36. Rd4 gxh4 37. cxd5+
Bxd5 38. gxh4 Rg3+ 39. Kd2 Rg4 40. Bf5+ Kxf5 41. Rdxd5+ Rxd5+ 42. Rxd5+ Kg6
43. Rd6+ Kf5 44. Rd5+ Kg6 1/2-1/2

[Event "Masters B"]
[Site "Nancy FRA"]
[Date "2010.02.28"]
[Round "9"]
[White "Iglesias,Joa"]
[Black "Taddei,B"]
[Result "1/2-1/2"]
[WhiteElo "2284"]
[BlackElo "2295"]
[EventDate "2010.02.22"]

1. d4 Nf6 2. c4 e5 3. dxe5 Ng4 4. Nf3 Bc5 5. e3 Nc6 6. Be2 O-O 7. O-O Re8
8. Nc3 Ngxe5 9. Nxe5 Nxe5 10. b3 d6 11. Bb2 a5 12. Na4 b6 13. Nxc5 bxc5 14.
f4 Nd7 15. Bf3 Rb8 16. e4 Bb7 17. e5 Bxf3 18. Rxf3 Qe7 19. exd6 cxd6 20.
Rd3 Nf6 21. Bxf6 1/2-1/2